000 00808nam a22002297a 4500
001 9048
003 FISKH
005 20251117161346.0
008 251117b cb ||||| |||| 00| 0 eng d
020 _a9780516274775
040 _aFISKH
_beng
_cFISKH
_dFISKH
050 _aE332 .V46
082 _a973.4
100 _aVenezia, Mike
245 _aThomas Jefferson:
_bThird president 1801 - 1809 /
_cWritten and Illustrated by Mike Venezia
260 _aNew York :
_bChildren's Press,
_c2004.
300 _a32 pages :
_bcolor illustrations ;
_c25 cm
520 _aAn introduction to the life of Thomas Jefferson, a man whose ideas helped create a new kind of government and who became the nation's third president.
650 _aFounding Fathers
_xThomas Jefferson
942 _2ddc
_cBK
_n0
999 _c9048
_d9048